<?xml version="1.0" encoding="UTF-8"?><?xml-stylesheet type="text/xsl" href="static/style.xsl"?><OAI-PMH xmlns="http://www.openarchives.org/OAI/2.0/" xmlns:xsi="http://www.w3.org/2001/XMLSchema-instance" xsi:schemaLocation="http://www.openarchives.org/OAI/2.0/ http://www.openarchives.org/OAI/2.0/OAI-PMH.xsd"><responseDate>2026-04-17T05:13:24Z</responseDate><request verb="GetRecord" identifier="oai:www.recercat.cat:10459.1/59602" metadataPrefix="marc">https://recercat.cat/oai/request</request><GetRecord><record><header><identifier>oai:recercat.cat:10459.1/59602</identifier><datestamp>2024-12-05T23:02:51Z</datestamp><setSpec>com_2072_3622</setSpec><setSpec>col_2072_478537</setSpec></header><metadata><record xmlns="http://www.loc.gov/MARC21/slim" xmlns:dcterms="http://purl.org/dc/terms/" xmlns:xsi="http://www.w3.org/2001/XMLSchema-instance" xmlns:doc="http://www.lyncode.com/xoai" xsi:schemaLocation="http://www.loc.gov/MARC21/slim http://www.loc.gov/standards/marcxml/schema/MARC21slim.xsd">
   <leader>00925njm 22002777a 4500</leader>
   <datafield ind2=" " ind1=" " tag="042">
      <subfield code="a">dc</subfield>
   </datafield>
   <datafield ind2=" " ind1=" " tag="720">
      <subfield code="a">Barber Mercadal, Maria</subfield>
      <subfield code="e">author</subfield>
   </datafield>
   <datafield ind2=" " ind1=" " tag="260">
      <subfield code="c">2017-05-10T08:09:43Z</subfield>
   </datafield>
   <datafield ind2=" " ind1=" " tag="260">
      <subfield code="c">2017-05-10T08:09:43Z</subfield>
   </datafield>
   <datafield ind2=" " ind1=" " tag="260">
      <subfield code="c">2016-06</subfield>
   </datafield>
   <datafield ind2=" " ind1=" " tag="520">
      <subfield code="a">Actualment la indústria alimentària està investigant tractaments alternatius als convencionals,  capaços de descontaminar i allargar la vida útil dels productes vegetals. Alhora, recents estudis demostren que aquests tractaments poden causar un estrès als aliments frescos d’origen vegetal i aquests responen activant vies metabòliques que comporten la producció de compostos antioxidants. És conegut que el consum regular de tomàquets i derivats de tomàquet està correlacionat amb una reducció en la susceptibilitat de patir diversos tipus de càncer i malalties cardiovasculars, a causa del seu contingut en compostos antioxidants. L’objectiu d’aquesta investigació va ser avaluar els efectes del tractament amb polsos lumínics sobre els compostos antioxidants del tomàquet, concretament de  carotenoides totals i licopè, i alhora, sobre les propietats fisicoquímiques durant el seu emmagatzematge. El tractament amb polsos de llum va presentar un efecte significatiu, augmentant el contingut de carotenoides i de licopè en els tomàquets. Mitjançant l’aplicació de 10 J/cm2 es va observar un augment en la concentració de carotenoides d’un 162% i d’un 173% en el contingut en licopè en relació als valors inicials. Aquest tractament no va donar lloc a canvis substancials sobre les característiques fisicoquímiques dels fruits.</subfield>
   </datafield>
   <datafield ind1="8" ind2=" " tag="024">
      <subfield code="a">http://hdl.handle.net/10459.1/59602</subfield>
   </datafield>
   <datafield tag="653" ind2=" " ind1=" ">
      <subfield code="a">Tomàquet</subfield>
   </datafield>
   <datafield tag="653" ind2=" " ind1=" ">
      <subfield code="a">Polsos lumínics</subfield>
   </datafield>
   <datafield tag="653" ind2=" " ind1=" ">
      <subfield code="a">Compostos antioxidants</subfield>
   </datafield>
   <datafield tag="653" ind2=" " ind1=" ">
      <subfield code="a">Carotenoides</subfield>
   </datafield>
   <datafield tag="653" ind2=" " ind1=" ">
      <subfield code="a">Tomàquets</subfield>
   </datafield>
   <datafield tag="653" ind2=" " ind1=" ">
      <subfield code="a">Antioxidants</subfield>
   </datafield>
   <datafield tag="653" ind2=" " ind1=" ">
      <subfield code="a">Tecnologia dels aliments</subfield>
   </datafield>
   <datafield ind2="0" ind1="0" tag="245">
      <subfield code="a">Efecte de l’aplicació de polsos lumínics sobre compostos antioxidants del tomàquet</subfield>
   </datafield>
</record></metadata></record></GetRecord></OAI-PMH>